000
00314nam a22001337a 4500
008
181107b xxu||||| |||| 00| 0 eng d
020
_a
9780781718691
041
_a
eng
080
_a
616.07
100
_a
5
101
_a
EKX
245
_a
Physical Examination SAnd History Taking
_c
Lyn.S.D
942
_2
udc
_c
BK
999
_c
52108
_d
52108